| 000 | 01073nam a22002537a 4500 | ||
|---|---|---|---|
| 005 | 20101103142438.0 | ||
| 008 | 101103t xxu||||| |||| 00| 0 mar d | ||
| 010 | _aMAR-20345 | ||
| 020 | _c100.00 | ||
| 035 | _aMR-13003 | ||
| 037 | _bDBAD / PUB | ||
| 040 |
_aDPL _bMR |
||
| 082 | _a891.461 | ||
| 100 |
_aशंकर गोपाळे _924108 |
||
| 245 |
_aनवी पहाट / _cशंकर गोपाळे |
||
| 246 |
_aNavi Pahat _bby Shankar Gopale |
||
| 260 |
_aमुंबई _b' सेवा दर्पण ' प्रकाशन _c2010 |
||
| 270 |
_a11 ए / 260 सी क्रांती नगर,टाकुरद्वार _bमुंबई _e400004 |
||
| 300 |
_a89पृ _c21सेमी (अजिल्द) |
||
| 650 |
_aमराठी कविता _924109 |
||
| 650 |
_aMarathi Poetry _924110 |
||
| 942 |
_2ddc _cMR _h891.461 _mशंकर |
||
| 999 |
_c48536 _d48536 |
||